000 00633nam a22001937a 4500
005 20210426071543.0
008 210216s1970 ||||| |||| 00| 0 eng d
040 _aeng
_cDLC
041 _aeng
080 _a61 (09)
_bM-21
100 _9895
_aO'Malley, D., C.
_eEditor
245 _aThe History of Medical Education
_b: UCLA Forum in Medical Sciences Number 12
_c/ by: University of California Press
260 _aBerkeley
_bUniversity of California Press
_c1970
300 _a548 p.
_bill.
365 _b10 usd
650 0 _9335
_aHistory of Medicine
653 _aმედიცინის ისტორია
942 _2udc
_cBK
999 _c1408
_d1408